Normal view
MARC view
- Lumaad, Ella P.
Entry Personal Name
001 - CONTROL NUMBER
- control field: 38679
003 - CONTROL NUMBER IDENTIFIER
- control field: OSt
005 - DATE AND TIME OF LATEST TRANSACTION
- control field: 20190508160848.0
008 - FIXED-LENGTH DATA ELEMENTS
- fixed length control field: 190508|| aca||aabn | a|a d
040 ## - CATALOGING SOURCE
- Original cataloging agency: OSt
- Transcribing agency: OSt
100 ## - HEADING--PERSONAL NAME
- Personal name: Lumaad, Ella P.
670 ## - SOURCE DATA FOUND
- Source citation: Work cat.: (OSt): Intapaya, Blace Eve M. 38677, Effects of computer technology to the classroom behavior of accounting students /, January 2019.
